Palomar /

Guardado en:
Autor Principal: Calvino, Italo
Formato: Libro
Publicado: Madrid : Alianza, 1985
Materias:
Etiquetas: Agregar Etiqueta
Sin Etiquetas, Sea el primero en etiquetar este registro!
LEADER 00489nam a22001935a 4500
001 CEM.cems001344
005 20060214000000.0
008 130507s1985##################000#0#####d
003 CEMS
082 0 4 |a 853.9 
100 1 |a Calvino, Italo 
245 1 0 |a Palomar / 
260 |a Madrid :  |b Alianza,  |c 1985 
300 |a 127 p. 
653 |a Literatura 
653 |a Literatura italiana 
653 |a Novela italiana 
653 |a Novelas 
859 |a CEMS  |b BIB. CEMS - 11 de abril  |h 853.9  |i C139  |p 14645.87  |t Ej.1